Clothing and Accessories by Emoji - Statistics

General Stats
  • This quiz has been taken 220 times
  • The average score is 11 of 13
Answer Stats
Emoji Clothing/Accessory % Correct
๐Ÿ’ Ring
100%
๐Ÿ‘‘ Crown
98%
โ˜‚ Umbrella
98%
๐Ÿ‘ข Boot
97%
๐Ÿ‘— Dress
96%
๐Ÿ’„ Lipstick
96%
๐ŸŽฉ Top Hat
94%
๐Ÿ‘™ Bikini
89%
๐Ÿ‘œ Handbag
88%
๐ŸŽ’ Backpack
79%
๐Ÿ’ผ Briefcase
70%
๐ŸŽ“ Graduation Cap
69%
๐Ÿ‘ก Sandal
65%
No matching quizzes found
Score Distribution
Percent of People with Each Score
Percentile by Number Answered
Your Score History
You have not taken this quiz